000 00479nam a22001577a 4500
003 0
005 20230616140625.0
008 230616b xxu||||| |||| 00| 0 eng d
020 _a971-630-08-7
082 _aFil. 929.09599
_b.Me517 1998
245 _aBandila: the story of the Philippine Flag
_cMelchor, Merci
260 _aMakati City
_bTahanan Books for Young Readers
_cc1998
300 _a26pp.
_bcol. ill.
_c16cm.
500 _aFlags-Philippines-History.
942 _2ddc
_cBK
999 _c364986
_d364986